Animated Movies by IMDb Description - Statistics

General Stats
  • This quiz has been taken 128 times
    68 since last reset
  • The average score is 23 of 25
Answer Stats
Year Description Movie % Correct
2017 Aspiring musician Miguel, confronted with his family's ancestral ban on music, enters the Land of the Dead to find his great-great-grandfather, a legendary singer. Coco
100%
2013 When the newly crowned Queen Elsa accidentally uses her power to turn things into ice to curse her home in infinite winter, her sister Anna teams up with a mountain man, his playful reindeer, and a snowman to change the weather condition. Frozen
100%
2010 A hapless young Viking who aspires to hunt dragons becomes the unlikely friend of a young dragon himself, and learns there may be more to the creatures than he assumed. How to Train Your Dragon
100%
2015 After young Riley is uprooted from her Midwest life and moved to San Francisco, her emotions - Joy, Fear, Anger, Disgust and Sadness - conflict on how best to navigate a new city, house, and school. Inside Out
100%
2009 78-year-old Carl Fredricksen travels to Paradise Falls in his house equipped with balloons, inadvertently taking a young stowaway. Up
100%
2014 The special bond develops between plus-sized inflatable robot Baymax, and prodigy Hiro Hamada. They team up with a group of friends to form a band of high-tech heroes. Big Hero 6
98%
2021 A Colombian teenage girl has to face the frustration of being the only member of her family without magical powers. Encanto
98%
2012 Dracula, who operates a high-end resort away from the human world, goes into overprotective mode when a boy discovers the resort and falls for the count's teenaged daughter. Hotel Transylvania
98%
2007 A rat who can cook makes an unusual alliance with a young kitchen worker at a famous restaurant. Ratatouille
98%
2004 A family of undercover superheroes, while trying to live the quiet suburban life, are forced into action to save the world. The Incredibles
98%
2003 After his son is captured in the Great Barrier Reef and taken to Sydney, a timid clownfish sets out on a journey to bring him home. Finding Nemo
96%
2008 The Dragon Warrior has to clash against the savage Tai Lung as China's fate hangs in the balance. However, the Dragon Warrior mantle is supposedly mistaken to be bestowed upon an obese panda who is a novice in martial arts. Kung Fu Panda
96%
2001 In order to power the city, monsters have to scare children so that they scream. However, the children are toxic to the monsters, and after a child gets through, 2 monsters realize things may not be what they think. Monsters, Inc.
96%
2001 A mean lord exiles fairytale creatures to the swamp of a grumpy ogre, who must go on a quest and rescue a princess for the lord in order to get his land back. Shrek
96%
1994 Lion prince Simba and his father are targeted by his bitter uncle, who wants to ascend the throne himself. The Lion King
96%
1995 A cowboy doll is profoundly threatened and jealous when a new spaceman figure supplants him as top toy in a boy's room. Toy Story
96%
2010 When a criminal mastermind uses a trio of orphan girls as pawns for a grand scheme, he finds their love is profoundly changing him for the better. Despicable Me
95%
1992 A kindhearted street urchin and a power-hungry Grand Vizier vie for a magic lamp that has the power to make their deepest wishes come true. Aladdin
93%
1998 To save her father from death in the army, a young maiden secretly goes in his place and becomes one of China's greatest heroines in the process. Mulan
93%
2018 Teen Miles Morales becomes the Spider-Man of his universe and must join with five spider-powered individuals from other dimensions to stop a threat for all realities. Spider-Man: Into the Spider-Verse
93%
2007 Barry B. Benson, a bee just graduated from college, is disillusioned at his lone career choice: making honey. On a special trip outside the hive, Barry's life is saved by Vanessa, a florist in New York City. As their relationship blossoms, he discovers humans actually eat honey, and subsequently decides to sue them. Bee Movie
91%
2009 A local scientist is often regarded as a failure until he invents a machine that can make food fall from the sky. But little does he know, that things are about to take a turn for the worst. Cloudy with a Chance of Meatballs
91%
2009 An urbane fox cannot resist returning to his farm raiding ways and then must help his community survive the farmers' retaliation. Fantastic Mr. Fox
71%
2001 During her family's move to the suburbs, a sullen 10-year-old girl wanders into a world ruled by gods, witches, and spirits, and where humans are changed into beasts. Spirited Away
60%
2023 In the wake of his mother's death and his father's remarriage, a headstrong boy named Mahito ventures into a dreamlike world shared by both the living and the dead. The Boy and the Heron
45%
No matching quizzes found
Score Distribution
Percent of People with Each Score
Percentile by Number Answered
Your Score History
You have not taken this quiz since the last reset